000 00301nam a22001337a 4500
008 181102b xxu||||| |||| 00| 0 eng d
020 _a9780867152036
041 _aeng
080 _a616.31
100 _a5
101 _aSTO
245 _aEthical Questions in Dentistry
_cRule,J.T
942 _2udc
_cBK
999 _c51609
_d51609